Tilastot visalle Superpesis-joukkueet kaudella 2023

Klikkaa tästä pelataksesi tätä visaa!

Yleistilastot

  • Tätä visaa on pelattu 16 kertaa
  • Keskiarvotulos 19 / 25

Vastaustilastot

% Oikein
Miesten SuperpesisSotkamon Jymy
100%
Miesten SuperpesisVimpelin Veto
100%
Miesten SuperpesisJoensuun Maila
93%
Naisten SuperpesisJoensuun Maila
93%
Miesten SuperpesisManse PP
93%
Naisten SuperpesisManse PP
93%
Miesten SuperpesisHyvinkään Tahko
86%
Miesten SuperpesisKoskenkorvan Urheilijat
86%
Miesten SuperpesisKouvolan Pallonlyöjät
86%
Naisten SuperpesisSeinäjoen Maila-Jussit
86%
Miesten SuperpesisKempeleen Kiri
79%
Naisten SuperpesisKempeleen Kiri
79%
Naisten SuperpesisPorin Pesäkarhut
79%
Miesten SuperpesisAlajärven Ankkurit
71%
Naisten SuperpesisLapuan Virkiä
71%
Naisten SuperpesisFera
64%
Naisten SuperpesisHaminan Palloilijat
64%
Naisten SuperpesisHyvinkään Tahko
64%
Miesten SuperpesisImatran Pallo-Veikot
64%
Miesten SuperpesisJymyJussit
64%
Naisten SuperpesisKirittäret
64%
Miesten SuperpesisKiteen Pallo
64%
Miesten SuperpesisPattijoen Urheilijat
64%
Naisten SuperpesisRoihuttaret
57%
Naisten SuperpesisMailattaret
50%

Tulosjakauma

Persentiili vastausten määrän mukaan

Jokaisen tuloksen saaneiden osuus

Tuloshistoriasi

Et ole pelannut tätä visaa